|
|
|
|
| LEADER |
01375nam a2200349 a 4500 |
| 001 |
33281 |
| 003 |
BD-DhAAL |
| 005 |
20250625121419.0 |
| 008 |
180700t1998 cauae b 000 0 eng d |
| 010 |
|
|
|a 97069470
|
| 020 |
|
|
|a 0965114457
|
| 035 |
|
|
|a (OCoLC)39514745
|
| 040 |
|
|
|a CU
|c CU
|d DLC
|d BD-DhAAL
|
| 042 |
|
|
|a lccopycat
|
| 043 |
|
|
|a n-us-ca
|
| 050 |
0 |
0 |
|a NA737.T334
|b C66 1998
|
| 082 |
0 |
0 |
|a 720.922
|2 21
|
| 245 |
0 |
0 |
|a Constructed reality :
|b Tanner, Leddy, Maytum, Stacy, Architects /
|c edited by Nancy Eklund.
|
| 260 |
|
|
|a San Francisco :
|b William Stout Publishers,
|c c1998.
|
| 300 |
|
|
|a 150 pages :
|b illustrations (some color), plans ;
|c 26 cm.
|
| 490 |
1 |
|
|a Architectural monographs ;
|v 1
|
| 504 |
|
|
|a Includes bibliographical references.
|
| 526 |
|
|
|a ARC
|
| 541 |
|
|
|a Department of Architecture
|e 33281
|
| 610 |
2 |
0 |
|a Tanner, Leddy, Maytum, Stacy, Architects.
|9 26695
|
| 650 |
|
0 |
|a Architecture
|z California
|x History
|y 20th century.
|9 26696
|
| 700 |
1 |
|
|a Eklund, Nancy.
|9 26697
|
| 830 |
|
|
|a Architectural monographs ;
|v 1
|9 58554
|
| 852 |
|
|
|a Department of Architecture
|c General Stacks
|
| 942 |
|
|
|2 ddc
|c BK
|
| 999 |
|
|
|c 39599
|d 39599
|
| 952 |
|
|
|0 0
|1 0
|2 ddc
|4 0
|6 720_922000000000000_CON
|7 0
|9 63615
|a BRACUL
|b BRACUL
|c GEN
|d 2018-07-07
|e Department of Architecture
|l 0
|o 720.922 CON
|p 3010033281
|r 2018-07-07
|t 1
|w 2018-07-07
|y BK
|x Transferred from ARC to BRACUL on 28/12/2023
|